[Event "BCF-chT2d 0910 (4NCL) Demotion pool"]
[Site "England"]
[Date "2010.03.28"]
[Round "8.8"]
[White "Hall, Joshua DW"]
[Black "Taylor, Adam A"]
[Result "0-1"]
[WhiteElo "1939"]
[BlackElo "1850"]
[PlyCount "88"]
[EventDate "2009.10.24"]
[EventType "team-tourn"]
[EventRounds "4"]
[EventCountry "ENG"]
[SourceTitle "EXT 2010"]
[Source "ChessBase"]
[SourceDate "2010.11.25"]
[SourceVersion "1"]
[SourceVersionDate "2010.11.25"]
[SourceQuality "1"]
[WhiteTeam "Brown Jack"]
[BlackTeam "Guildford III"]
[WhiteTeamCountry "ENG"]
[BlackTeamCountry "ENG"]

1. e4 c5 2. Nf3 Nc6 3. d4 cxd4 4. Nxd4 Nf6 5. Nc3 e5 6. Ndb5 d6 7. Na3 Be6 8. Bc4 Be7 9. h3 0-0 10. Bg5 Rc8 11. Bb3 Nd4 12. Bxf6 Bxf6 13. Nd5 Bg5 14. h4 Bh6 15. c3 Nxb3 16. Qxb3 b6 17. Rd1 Kh8 18. Nb5 Qd7 19. Qb4 Rc5 20. Nbc7 Rxc7 21. Nxc7 Qxc7 22. Rxd6 Rd8 23. Rxd8+ Qxd8 24. 0-0 g6 25. Qa4 a5 26. Rd1 Qxh4 27. Qe8+ Kg7 28. g3 Qxe4 29. Rd8 Kf6 30. Rd6 Qe1+ 31. Kg2 e4 32. Qh8+ Kf5 33. Rd4 Qe2 34. Kg1 Qxb2 35. g4+ Kxg4 36. Qe5 Bf5 37. Qg3+ Kh5 38. Rd1 Qe2 39. Qh2+ Kg5 40. f4+ exf3 41. Qg3+ Kh5 42. Re1 Be3+ 43. Kh1 Qf2 44. Qe5 Qg2# 0-1

[Event "BCF-chT2a 0910 (4NCL)"]
[Site "England"]
[Date "2010.01.17"]
[Round "4.8"]
[White "Hall, Joshua DW"]
[Black "Hollingworth, Evie"]
[Result "1/2-1/2"]
[WhiteElo "1939"]
[BlackElo "1874"]
[PlyCount "98"]
[EventDate "2009.10.24"]
[EventType "team-tourn"]
[EventRounds "7"]
[EventCountry "ENG"]
[SourceTitle "EXT 2010"]
[Source "ChessBase"]
[SourceDate "2010.11.25"]
[SourceVersion "1"]
[SourceVersionDate "2010.11.25"]
[SourceQuality "1"]
[WhiteTeam "Brown Jack"]
[BlackTeam "White Rose II"]
[WhiteTeamCountry "ENG"]
[BlackTeamCountry "ENG"]

1. e4 e5 2. Nf3 Nc6 3. Nc3 Nf6 4. d4 exd4 5. Nxd4 Bc5 6. Be3 Qe7 7. Nf5 Qf8 8. Nxg7+ Qxg7 9. Bxc5 d6 10. Be3 Bd7 11. Qd2 0-0-0 12. 0-0-0 Ng4 13. Bf4 Nge5 14. f3 Rhg8 15. Qe3 Kb8 16. Bg3 Be6 17. Nd5 f5 18. Bh4 Rdf8 19. exf5 Bxf5 20. g4 Bd7 21. Be2 Rf7 22. h3 Re8 23. Qf2 Ng6 24. Bg3 Qh6+ 25. Kb1 Be6 26. Qh2 Bxd5 27. Rxd5 Nf4 28. Bxf4 Qxf4 29. Qxf4 Rxf4 30. Bd3 Rxf3 31. Bxh7 Rxh3 32. Rdd1 Rxh1 33. Rxh1 Rh8 34. Rf1 Kc8 35. Be4 Ne5 36. Kc1 b6 37. Bf5+ Kd8 38. Kd2 Nc4+ 39. Kd3 Nxb2+ 40. Kd4 c6 41. Be6 Ke7 42. Bb3 d5 43. Kc3 Nc4 44. Bxc4 dxc4 45. Kxc4 Rh2 46. Kd3 Ke6 47. Re1+ Kd5 48. Re7 Rh3+ 49. Kd2 Rg3 1/2-1/2

[Event "West of England op"]
[Site "Exmouth"]
[Date "2008.03.21"]
[Round "1"]
[White "Hall, Joshua DW"]
[Black "Dilleigh, Stephen P"]
[Result "1-0"]
[WhiteElo "1941"]
[BlackElo "2139"]
[PlyCount "115"]
[EventDate "2008.03.21"]
[EventType "swiss"]
[EventRounds "7"]
[EventCountry "ENG"]
[SourceTitle "CBM 123 Extra"]
[Source "ChessBase"]
[SourceDate "2008.05.06"]
[SourceVersion "1"]
[SourceVersionDate "2008.05.06"]
[SourceQuality "1"]

1. e4 e6 2. d4 d5 3. Nc3 Nf6 4. e5 Nfd7 5. f4 c5 6. Nf3 Nc6 7. Be3 Be7 8. Bf2 0-0 9. Bd3 a6 10. Qb1 c4 11. Be2 b5 12. a3 Nb6 13. 0-0 Bd7 14. Qe1 b4 15. axb4 Nxb4 16. Rc1 Rb8 17. Bh4 Bxh4 18. Nxh4 Na4 19. Nxa4 Bxa4 20. Bd1 f5 21. g4 g6 22. Qg3 Kh8 23. Rf2 Rg8 24. Rg2 Nc6 25. c3 Bxd1 26. Rxd1 g5 27. Nf3 gxf4 28. Qxf4 fxg4 29. Rxg4 Rxg4+ 30. Qxg4 Qe7 31. Kh1 Rg8 32. Qh5 Qf8 33. h4 Qe8 34. Qxe8 Rxe8 35. Ra1 Nb8 36. Ng5 Re7 37. Kg2 h6 38. Nh3 Rb7 39. Rb1 Nd7 40. Nf4 Nf8 41. Kf3 a5 42. Kg4 a4 43. Ra1 Ra7 44. Kh5 Kh7 45. Kg4 Rg7+ 46. Kf3 Rf7 47. Kg4 Rg7+ 48. Kh3 Ra7 49. Nh5 Ng6 50. Nf6+ Kg7 51. Kg4 Ne7 52. Ne8+ Kg6 53. h5+ Kh7 54. Nd6 Ra8 55. Rf1 Rg8+ 56. Kh3 Nf5 57. Nxf5 exf5 58. Rxf5 1-0

[Event "West of England op"]
[Site "Exmouth"]
[Date "2007.04.08"]
[Round "5"]
[White "Hall, Joshua DW"]
[Black "Brusey, Alan W"]
[Result "1-0"]
[WhiteElo "1824"]
[BlackElo "1928"]
[PlyCount "73"]
[EventDate "2007.04.06"]
[EventType "swiss"]
[EventRounds "7"]
[EventCountry "ENG"]
[SourceTitle "CBM 118 Extra"]
[Source "ChessBase"]
[SourceDate "2007.07.04"]
[SourceVersion "1"]
[SourceVersionDate "2007.07.04"]
[SourceQuality "1"]

1. e4 e6 2. d4 d5 3. Nc3 Bb4 4. e5 c5 5. a3 Bxc3+ 6. bxc3 Ne7 7. Qg4 0-0 8. Bd3 Nbc6 9. Nf3 f5 10. exf6 Rxf6 11. Bg5 Rf7 12. Ne5 Nxe5 13. dxe5 Qa5 14. 0-0 c4 15. Bxh7+ Kxh7 16. Qh4+ Kg8 17. Bxe7 Qxc3 18. f4 Qxc2 19. Bd6 Bd7 20. Rf3 Qh7 21. Qf2 Qf5 22. Rf1 g6 23. Rg3 b6 24. Qe3 Rh7 25. Rg5 Qf7 26. Rf3 Rh6 27. Rfg3 Kg7 28. Qc3 Qxf4 29. Be7 d4 30. Qe1 d3 31. R5g4 d2 32. Qe2 Qf5 33. Bf6+ Kh7 34. Qxd2 Qb1+ 35. Kf2 Bc6 36. Rxc4 Qb5 37. Qxh6+ 1-0

[Event "Bristol op"]
[Site "Bristol"]
[Date "2006.12.10"]
[Round "4"]
[White "Hall, Joshua DW"]
[Black "Timmins, Chris P"]
[Result "1/2-1/2"]
[WhiteElo "1824"]
[BlackElo "1968"]
[PlyCount "63"]
[EventDate "2006.12.08"]
[EventType "swiss"]
[EventRounds "5"]
[EventCountry "ENG"]
[SourceTitle "EXT 2008"]
[Source "ChessBase"]
[SourceDate "2007.11.25"]
[SourceVersion "1"]
[SourceVersionDate "2007.11.25"]
[SourceQuality "1"]

1. e4 e5 2. Nf3 Nc6 3. Nc3 Nf6 4. d4 Bb4 5. d5 Ne7 6. Bd3 d6 7. a3 Bxc3+ 8. bxc3 0-0 9. h3 Ng6 10. Bg5 h6 11. Bxf6 Qxf6 12. Qd2 c6 13. c4 cxd5 14. cxd5 Nf4 15. Bf1 Bd7 16. Qe3 Rfc8 17. c4 Rc5 18. g3 Ng6 19. Rb1 b5 20. Nd2 bxc4 21. Bxc4 Rac8 22. Qe2 Bb5 23. Rc1 Qg5 24. Rc3 Bxc4 25. Nxc4 Qe7 26. 0-0 h5 27. Rfc1 h4 28. Qd3 Qg5 29. Kh2 Qf6 30. Kg2 Qg5 31. Kh2 Qf6 32. Kg2 1/2-1/2

[Event "GBR-ch op"]
[Site "Swansea"]
[Date "2006.08.14"]
[Round "7.63"]
[White "Hall, Joshua DW"]
[Black "Dines, Sheila"]
[Result "1-0"]
[WhiteElo "1969"]
[BlackElo "1926"]
[PlyCount "113"]
[EventDate "2006.08.06"]
[EventType "swiss"]
[EventRounds "11"]
[EventCountry "WLS"]
[SourceTitle "CBM 113 Extra"]
[Source "ChessBase"]
[SourceDate "2006.09.14"]
[SourceVersion "1"]
[SourceVersionDate "2006.09.14"]
[SourceQuality "1"]

1. e4 e5 2. Nf3 Nc6 3. Nc3 Nf6 4. d4 exd4 5. Nxd4 Bb4 6. Nxc6 bxc6 7. Bd3 d5 8. exd5 cxd5 9. 0-0 0-0 10. Bg5 c6 11. Qf3 Be7 12. Rfe1 Be6 13. Ne2 h6 14. Bf4 Ne8 15. Nd4 Qd7 16. Qe3 Bc5 17. c3 Bxd4 18. cxd4 Bf5 19. Bxf5 Qxf5 20. Rac1 Rc8 21. Qe5 Qxe5 22. Rxe5 Nd6 23. b3 Nb5 24. Be3 f6 25. Re6 Rfe8 26. Rcxc6 Rxc6 27. Rxe8+ Kf7 28. Rd8 Nxd4 29. Rxd5 Nc2 30. Rd7+ Kg6 31. Rxa7 Nb4 32. g3 Rc2 33. a3 Nd5 34. b4 Rb2 35. Rd7 Nc3 36. Kg2 Nb1 37. Ra7 Rb3 38. Bc5 Rxa3 39. b5 Rb3 40. b6 Nd2 41. Bf8 Rxb6 42. Rxg7+ Kf5 43. Rd7 Ne4 44. Bxh6 Rb2 45. Be3 Rb8 46. Re7 Nc3 47. Rg7 Nd1 48. Kf3 Rh8 49. h4 Nb2 50. g4+ Ke6 51. h5 Nc4 52. Bf4 Nb6 53. Ra7 Nd5 54. Ra6+ Kf7 55. Ke4 Nc3+ 56. Kf5 Nd5 57. Ra7+ 1-0

[Event "GBR-ch op"]
[Site "Swansea"]
[Date "2006.08.07"]
[Round "1.41"]
[White "Valmana Canto, Jaime"]
[Black "Hall, Joshua DW"]
[Result "1-0"]
[WhiteElo "2284"]
[BlackElo "1969"]
[PlyCount "29"]
[EventDate "2006.08.06"]
[EventType "swiss"]
[EventRounds "11"]
[EventCountry "WLS"]
[SourceTitle "CBM 113 Extra"]
[Source "ChessBase"]
[SourceDate "2006.09.14"]
[SourceVersion "1"]
[SourceVersionDate "2006.09.14"]
[SourceQuality "1"]

1. e4 d5 2. exd5 Nf6 3. c4 e6 4. d4 exd5 5. Nc3 Nc6 6. c5 Bf5 7. Bb5 a6 8. Bxc6+ bxc6 9. Nf3 Ne4 10. Qa4 Qf6 11. Nxd5 Qg6 12. Ne5 Qxg2 13. Qxc6+ Kd8 14. Nxf7+ Kc8 15. Qxc7# 1-0

[Event "BCF-chT4 0506 (4NCL)"]
[Site "West Bromwich"]
[Date "2006.02.12"]
[Round "6.5"]
[White "Tart, Peter K"]
[Black "Hall, Joshua DW"]
[Result "0-1"]
[WhiteElo "2015"]
[BlackElo "2020"]
[PlyCount "54"]
[EventDate "2005.11.05"]
[EventType "team-tourn"]
[EventRounds "11"]
[EventCountry "ENG"]
[SourceTitle "CBM 109 Extra"]
[Source "ChessBase"]
[SourceDate "2006.01.03"]
[SourceVersion "2"]
[SourceVersionDate "2006.01.03"]
[SourceQuality "1"]
[WhiteTeam "Cavendish"]
[BlackTeam "Brown Jack"]
[WhiteTeamCountry "ENG"]
[BlackTeamCountry "ENG"]

1. e4 d5 2. d4 dxe4 3. Nc3 Nf6 4. f3 e5 5. Bg5 Qxd4 6. Qxd4 exd4 7. Nb5 Bb4+ 8. c3 dxc3 9. Nxc7+ Kd7 10. 0-0-0+ Kxc7 11. Bf4+ Kb6 12. bxc3 Ba3+ 13. Kc2 a6 14. Be3+ Bc5 15. Bxc5+ Kxc5 16. Rd4 Bf5 17. g4 Bg6 18. g5 exf3+ 19. Kb2 Ne4 20. Nxf3 Nc6 21. Rc4+ Kb6 22. h4 Ng3 23. Bg2 Nxh1 24. Bxh1 Rhe8 25. Nd4 Nxd4 26. cxd4 Re2+ 27. Ka3 Be4 0-1

[Event "BCF-ch Major 92nd"]
[Site "Douglas"]
[Date "2005.08.10"]
[Round "9"]
[White "Hutchinson, Norman A"]
[Black "Hall, Joshua DW"]
[Result "1-0"]
[WhiteElo "2097"]
[BlackElo "1832"]
[PlyCount "49"]
[EventDate "2005.08.01"]
[EventType "swiss"]
[EventRounds "11"]
[EventCountry "ENG"]
[SourceTitle "EXT 2006"]
[Source "ChessBase"]
[SourceDate "2005.11.24"]
[SourceVersion "1"]
[SourceVersionDate "2005.11.24"]
[SourceQuality "1"]

1. e4 d5 2. exd5 Nf6 3. d4 Nxd5 4. Nf3 Bg4 5. c4 Nb6 6. c5 Bxf3 7. Qxf3 Nd5 8. Bc4 e6 9. 0-0 Nc6 10. Be3 Ndb4 11. Nc3 Nc2 12. Rad1 N2xd4 13. Bxd4 Nxd4 14. Bb5+ c6 15. Bxc6+ bxc6 16. Rxd4 Qc8 17. Rf4 Qb7 18. Rxf7 Qxb2 19. Rc7 Be7 20. Qxc6+ Kf7 21. Qf3+ Kg6 22. Rxe7 Rhg8 23. Rxe6+ Kg5 24. Ne4+ Kh4 25. Qh3# 1-0

[Event "BCF-ch Major 92nd"]
[Site "Douglas"]
[Date "2005.08.06"]
[Round "6"]
[White "Hall, Joshua DW"]
[Black "Abu Sufian, Sakil"]
[Result "0-1"]
[WhiteElo "1832"]
[BlackElo "2244"]
[PlyCount "116"]
[EventDate "2005.08.01"]
[EventType "swiss"]
[EventRounds "11"]
[EventCountry "ENG"]
[SourceTitle "EXT 2006"]
[Source "ChessBase"]
[SourceDate "2005.11.24"]
[SourceVersion "1"]
[SourceVersionDate "2005.11.24"]
[SourceQuality "1"]

1. e4 c5 2. Nf3 d6 3. d4 cxd4 4. Nxd4 Nf6 5. Nc3 g6 6. Be3 Bg7 7. h3 0-0 8. Bc4 Nc6 9. Bb3 Bd7 10. Qd2 Rc8 11. f4 Nxd4 12. Bxd4 Bc6 13. Bd5 Qa5 14. Bxc6 bxc6 15. e5 dxe5 16. fxe5 Rfd8 17. 0-0 c5 18. exf6 exf6 19. Qf2 cxd4 20. Nd1 f5 21. g4 fxg4 22. hxg4 Qe5 23. Qd2 Qe4 24. Nf2 Qxc2 25. Qf4 Qc7 26. Qf3 Qd7 27. Ne4 d3 28. Rf2 Rc2 29. Raf1 Rxf2 30. Rxf2 Re8 31. Kg2 Rxe4 32. Qxe4 d2 33. Qa8+ Bf8 34. Rf1 Qxg4+ 35. Kf2 d1Q 36. Rxd1 Qxd1 37. Qxa7 Qc2+ 38. Kf3 Qxb2 39. a4 Qc3+ 40. Ke2 Bb4 41. Qd7 Qe5+ 42. Kd1 Qd6+ 43. Qxd6 Bxd6 44. a5 h5 45. a6 Bc5 46. Kd2 Kg7 47. Kd3 f5 48. Kc4 Bf2 49. Kd5 h4 50. Kc6 h3 51. Kb7 h2 52. Kc6 h1Q+ 53. Kc7 Kf6 54. Kb8 Ke7 55. Kc8 Qc6+ 56. Kb8 Bg3+ 57. Ka7 Qc7+ 58. Ka8 Qb8# 0-1

[Event "BCF-ch Major 92nd"]
[Site "Douglas"]
[Date "2005.08.05"]
[Round "5"]
[White "Sugden, John N"]
[Black "Hall, Joshua DW"]
[Result "1/2-1/2"]
[WhiteElo "2151"]
[BlackElo "1832"]
[PlyCount "97"]
[EventDate "2005.08.01"]
[EventType "swiss"]
[EventRounds "11"]
[EventCountry "ENG"]
[SourceTitle "EXT 2006"]
[Source "ChessBase"]
[SourceDate "2005.11.24"]
[SourceVersion "1"]
[SourceVersionDate "2005.11.24"]
[SourceQuality "1"]

1. d4 Nf6 2. c4 g6 3. Nc3 Bg7 4. e4 d6 5. f3 0-0 6. Bg5 Nc6 7. Nge2 e5 8. d5 Ne7 9. Qd2 a6 10. g4 Ne8 11. Ng3 f6 12. Be3 f5 13. gxf5 gxf5 14. exf5 Nxf5 15. Nxf5 Rxf5 16. 0-0-0 Rxf3 17. Bg5 Nf6 18. Be2 Rh3 19. Rhg1 Kh8 20. Rdf1 h6 21. Bxf6 Bxf6 22. Ne4 Bg5 23. Rxg5 hxg5 24. Nxg5 Qg8 25. Nxh3 Bxh3 26. Qh6+ Qh7 27. Qxh7+ Kxh7 28. Rf7+ Kg6 29. Rxc7 b5 30. Rc6 bxc4 31. Bxc4 a5 32. Rxd6+ Kf5 33. Re6 Bg2 34. Kd2 Bxd5 35. Bxd5 Rd8 36. Ke3 Rxd5 37. Rb6 e4 38. Rb3 a4 39. Ra3 Rb5 40. Rxa4 Rxb2 41. h4 Rh2 42. Ra5+ Ke6 43. h5 Rh4 44. a4 Kd6 45. h6 Kc6 46. Ra6+ Kc5 47. Rf6 Kb4 48. Re6 Kc5 49. Rxe4 1/2-1/2

[Event "BCF-chT4b 0405 (4NCL)"]
[Site "Telford"]
[Date "2005.04.16"]
[Round "7.5"]
[White "Hibbitt, Arthur M"]
[Black "Hall, Joshua DW"]
[Result "1-0"]
[WhiteElo "1975"]
[BlackElo "1980"]
[PlyCount "81"]
[EventDate "2004.11.06"]
[EventType "team-tourn"]
[EventRounds "11"]
[EventCountry "ENG"]
[SourceTitle "EXT 2006"]
[Source "ChessBase"]
[SourceDate "2005.11.24"]
[SourceVersion "1"]
[SourceVersionDate "2005.11.24"]
[SourceQuality "1"]
[WhiteTeam "Grendel's Mother"]
[BlackTeam "Brown Jack"]
[WhiteTeamCountry "ENG"]
[BlackTeamCountry "ENG"]

1. d4 Nf6 2. Nf3 g6 3. Bf4 Bg7 4. e3 0-0 5. Bd3 c5 6. c3 Qb6 7. Qb3 d5 8. dxc5 Qxc5 9. Nbd2 Nc6 10. h3 Nd7 11. e4 d4 12. cxd4 Nxd4 13. Nxd4 Qxd4 14. Be3 Qxb2 15. Qxb2 Bxb2 16. Rb1 Ne5 17. Be2 Bc3 18. Rb3 Bxd2+ 19. Bxd2 b6 20. 0-0 Be6 21. Rb2 Bc4 22. Bh6 Bxe2 23. Rxe2 Rfd8 24. f4 Nc6 25. f5 Rd3 26. Rc2 Ne5 27. Rfc1 Rad8 28. Rc7 Nd7 29. Rxa7 Nc5 30. Rxe7 Ra3 31. Rf1 g5 32. e5 Ne4 33. e6 f6 34. Rc1 Nc3 35. Re1 Rxa2 36. Rg7+ Kh8 37. e7 Re8 38. Rf7 Ne2+ 39. Kh2 Nf4 40. Rf8+ Rxf8 41. exf8Q# 1-0

[Event "BCF-chT4b 0405 (4NCL)"]
[Site "Telford"]
[Date "2005.02.26"]
[Round "5.6"]
[White "Hall, Joshua DW"]
[Black "Thomas, Roy"]
[Result "1-0"]
[WhiteElo "1980"]
[BlackElo "1732"]
[PlyCount "71"]
[EventDate "2004.11.06"]
[EventType "team-tourn"]
[EventRounds "11"]
[EventCountry "ENG"]
[SourceTitle "EXT 2006"]
[Source "ChessBase"]
[SourceDate "2005.11.24"]
[SourceVersion "1"]
[SourceVersionDate "2005.11.24"]
[SourceQuality "1"]
[WhiteTeam "Brown Jack"]
[BlackTeam "Pontypridd"]
[WhiteTeamCountry "ENG"]
[BlackTeamCountry "ENG"]

1. e4 c5 2. Nf3 d6 3. d4 cxd4 4. Nxd4 Nf6 5. Nc3 a6 6. a4 e6 7. Be2 Be7 8. Be3 Nbd7 9. f4 Qc7 10. Qd2 0-0 11. g4 Nc5 12. Bf3 Rb8 13. g5 Ne8 14. h4 Qa5 15. Rb1 Qb4 16. b3 Bd8 17. h5 Ba5 18. Nde2 Bd7 19. Bd4 Bc6 20. Qe3 Nc7 21. Kf2 e5 22. fxe5 N5e6 23. Rbd1 dxe5 24. Bxe5 Rbd8 25. Bxc7 Bxc7 26. Kg2 Bb6 27. Qc1 Nd4 28. Nxd4 Bxd4 29. Nd5 Qc5 30. Qd2 Be5 31. Qe2 Rd7 32. b4 Qa7 33. Qc4 Rfd8 34. Ne7+ Kf8 35. Nxc6 Qe3 36. Nxd8 1-0